| 000 | 01112nam a2200289 a 4500 | ||
|---|---|---|---|
| 001 | vtls001483267 | ||
| 003 | NLI | ||
| 005 | 20210627132424.0 | ||
| 008 | 121207s1969 dcu f000 0 eng | ||
| 039 | 9 |
_y201212071749 _zVLOAD |
|
| 040 |
_aNLI _beng _cDatasoft_FOD _eAACR2 |
||
| 041 | 0 | _aeng | |
| 044 | _a dcu | ||
| 082 | 0 | 4 | _a 363.1250973 |
| 110 | 1 |
_aUnited States. _bDepartment of Transportation. _bFederal Highway Administration _9707178 |
|
| 245 | 1 | 0 |
_aBasic training program for emergency medical technician ambulance : _bcourse guide and course coordinator orientation program / _cUnited States Department of Transportation Federal Highway Administration |
| 260 |
_aWashington, D.C. : _bThe Department, _c1969 |
||
| 300 |
_aVarious pageings ; _c22 cm. |
||
| 500 | _aNational highway safety bureau | ||
| 650 | 0 |
_aHighway safety _zUnited States _9736638 |
|
| 650 | 0 |
_aHighway safety _xsocial services _zUnited States _91032153 |
|
| 650 | 0 |
_aHighway accidents _zUnited States _9736639 |
|
| 887 | _a | ||
| 901 |
_aAD 95758 _b09.09.2010 |
||
| 902 | _aU.S 363.1250973 Un 3 | ||
| 999 |
_aVIRTUA40 _c932012 _d932012 |
||
| 942 |
_2ddc _cBKS |
||